000 01163nam a2200133Ia 4500
008 220620s9999||||xx |||||||||||||| ||und||
020 _a9783040000000
245 0 _aResearch on Cosmic Rays and Their Impact on Human Activities
546 _aEnglish[eng]
650 _acosmic rays||Extensive Air Showers||particle detectors||Cosmic Ray Ensembles||ionosphere||ELF/VLF waves||energetic electron precipitations||storm-time feature||CSES||trapped particles||South Atlantic Anomaly||AE9/AP9/SPM models||radiation belts||Poisson data||time series||quasi-Gaussian filter||digital filtering||optimization||global minimization||annealing simulation algorithm||space weather||geomagnetic storms||LEO satellites||digital gamma-rays spectrometer||cosmic veto||active shield||muons||muon flux periodicity||atmospheric neutrons||radiation dose||passengers and flight crew||ultrathin calorimeter||direct measurements||energy reconstruction||PAMELA||shower development universality||cosmic ray physics||multi-messenger astrophysics||extensive air showers||n/a
700 _aSparvoli, Roberta||Martucci, Matteo
856 _uhttps://mdpi.com/books/pdfview/book/5358
942 _cEB
999 _c33075
_d33075